[Event "HCL-A062"]
[Site "www.playchess.de"]
[Date "2001.03.26"]
[Round "17"]
[White "Rifleman"]
[Black "teenspirit"]
[WhiteElo "1700"]
[BlackElo "1766"]
[PlyCount "76"]
[Result "0-1"]

1.e4 c5 2.Nc3 Nc6 3.g3 g6 4.Bg2 Bg7 5.d3 d6 6.f4 
e5 7.Be3 Nge7 8.fxe5 Bxe5 9.Nf3 Bg4 10.Qd2 Bxf3 
11.Bxf3 Qa5 12.Nd5 Qxd2+ 13.Bxd2 Nxd5 14.exd5 Ne7 
15.O-O-O O-O 16.Rde1 Rfe8 17.c4 Nf5 18.Bc3 Bd4 
19.Rxe8+ Rxe8 20.Re1 Rxe1+ 21.Bxe1 Be3+ 22.Kd1 Nd4 
23.Bh1 Kg7 24.Bc3 Kf6 25.Bxd4+ Bxd4 26.b3 Ke5 {Let 
me try...}  27.Ke2 {O.k.}  f5 28.Kf3 Bg1 29.h3 {:} 
 Kd4 30.g4 Bh2 31.Ke2 Bf4 32.gxf5 gxf5 33.Bf3 Kc3 
34.Bh5 Kb2 35.Kf3 {This Tournament is over this is 
my last offer to a draw. Ireally think you lose.. 
End it or I will.}  Bh6 {mmmm. I lose here? show 
me...}  36.Be8 {After further study you may be 
better.}  Kxa2 {I think so too.}  37.Ba4 {.}  Kb2 
38.Ke2 Kc3 0-1

[Event "HCL-A064"]
[Site "www.playchess.de"]
[Date "2001.03.26"]
[Round "16"]
[White "tim_danieli"]
[Black "peze3"]
[WhiteElo "1761"]
[BlackElo "2168"]
[PlyCount "59"]
[Result "1-0"]

1.e4 e5 2.Nf3 Nf6 3.Nxe5 d6 4.Nf3 Nxe4 5.d4 d5 
6.Bd3 Bd6 7.O-O Bg4 8.Re1 f5 9.h3 Bh5 10.c4 O-O 
11.Be3 Bb4 12.Rf1 f4 13.Bc1 Ng5 14.Be2 Bxf3 
15.Bxf3 Nxf3+ 16.Qxf3 Nc6 17.cxd5 Nxd4 18.Qe4 c5 
19.c6 Re8 20.c7 Rxe4 21.cxd8Q+ {%}  Rxd8 22.Nc3 
Bxc3 23.bxc3 Ne2+ 24.Kh2 Nxc3 25.f3 Ra4 26.a3 b5 
27.Bb2 Rd3 28.Rfc1 Rc4 29.Bxc3 Rdxc3 
30.Rxc3 1-0

[Event "HCL-A067"]
[Site "www.playchess.de"]
[Date "2001.03.26"]
[Round "3"]
[White "Bordiga"]
[Black "nextalby"]
[WhiteElo "1900"]
[BlackElo "1700"]
[PlyCount "75"]
[Result "1/2-1/2"]

1.e4 d5 2.exd5 Qxd5 3.Nc3 {Happy new year}  Qa5 
4.d4 Nf6 5.Nf3 Bg4 6.h3 Bh5 7.g4 Bg6 8.Ne5 e6 
9.Nc4 Qa6 10.Nb5 Qc6 11.Ne5 Qe4+ 12.Qe2 Na6 
13.Nxg6 Qxe2+ 14.Bxe2 hxg6 15.Be3 c6 16.Nc3 Nc7 
17.O-O-O Ncd5 18.Nxd5 Nxd5 19.c4 Nxe3 20.fxe3 Be7 
21.Kc2 Bg5 22.e4 Rd8 23.b4 Be3 24.Kc3 Ke7 25.a4 e5 
26.d5 Bd4+ 27.Kb3 cxd5 28.exd5 b6 29.Bd3 Rh4 
30.Rdf1 Rdh8 31.Rf3 f6 32.Rg3 R8h6 33.a5 Kd6 
34.axb6 axb6 35.g5 fxg5 36.Rxg5 R4xh3 37.Rxh3 Rxh3 
38.Rxg6+ 1/2-1/2

[Event "HCL-B118"]
[Site "www.playchess.de"]
[Date "2001.03.26"]
[Round "26"]
[White "Tsjernobyl"]
[Black "class58"]
[WhiteElo "1300"]
[BlackElo "1200"]
[PlyCount "52"]
[Result "0-1"]

1.e3 Nf6 2.b3 d5 3.d4 Nc6 4.Bb5 e6 5.Bxc6+ bxc6 
6.Nf3 Ba6 7.Ne5 Qd6 8.c4 c5 9.O-O h5 10.Ba3 Qb6 
11.f4 cxd4 12.Bxf8 dxe3 13.Kh1 Rxf8 14.Nc3 Rd8 
15.Rf3 d4 16.Na4 Qd6 17.Rb1 Bb7 18.c5 Bxf3 19.Qxf3 
Qd5 20.Qxd5 Rxd5 21.Nd3 Ne4 22.Kg1 Nc3 23.Rb2 f6 
24.g3 e5 25.Rc2 Nxa4 26.bxa4 e4 0-1

[Event "HCL-C092"]
[Site "www.playchess.de"]
[Date "2001.03.26"]
[Round "10"]
[White "cmacsweeny"]
[Black "TuffGong"]
[WhiteElo "1000"]
[BlackElo "1000"]
[PlyCount "115"]
[Result "1-0"]

1.e4 e5 2.Nf3 c6 3.c4 d6 4.d3 Nf6 5.Nc3 d5 6.cxd5 
Ng4 7.dxc6 Nxc6 8.h3 Nf6 9.Be3 Be7 10.Be2 Be6 
11.O-O O-O 12.d4 exd4 13.Nxd4 Qa5 14.Nxe6 fxe6 
15.Qb3 Nd8 16.Bc4 Bb4 17.Bxe6+ Kh8 18.Nd5 Nxe6 
19.Qxb4 Qd8 20.Nxf6 Rxf6 21.Rfd1 Qe8 22.Qxb7 Rb8 
23.Qxa7 Qf8 24.b3 Rc8 25.Rd2 Qb4 26.f3 h6 27.Qa4 
Qc3 28.Rad1 Qxe3+ 29.Kh1 Ng5 30.Qd4 Qf4 31.e5 Qxd4 
32.R2xd4 Rg6 33.R4d8+ Rxd8 34.Rxd8+ Kh7 35.Rd6 Ne6 
36.Kh2 h5 37.a4 Nf4 38.g3 Ne2 39.Rxg6 Kxg6 40.a5 
Nd4 41.a6 Nc6 42.f4 Kf5 43.Kg2 g5 44.Kf3 Ke6 45.b4 
Na7 46.Ke4 Kd7 47.f5 Nb5 48.e6+ Ke7 49.Ke5 Kd8 
50.f6 Kc7 51.f7 Nd6 52.f8Q {%}  Nc4+ 53.Kf6 Kb6 
54.Qc5+ Kxa6 55.Qxc4+ Kb6 56.e7 h4 57.e8Q {%}  
hxg3 58.Qb8+ 1-0

[Event "HCL-C120"]
[Site "www.playchess.de"]
[Date "2001.03.26"]
[Round "26"]
[White "Petra"]
[Black "monching"]
[WhiteElo "1182"]
[BlackElo "1000"]
[PlyCount "90"]
[Result "0-1"]

1.e4 e5 2.Nf3 d6 3.d4 Bg4 4.h3 Bxf3 5.Qxf3 exd4 
6.Bc4 Qd7 7.b3 b5 8.Qxf7+ Qxf7 9.Bxf7+ Kxf7 10.O-O 
Nf6 11.Nd2 Nc6 12.Bb2 Be7 13.Nf3 Nxe4 14.Nxd4 Nxd4 
15.Bxd4 c5 16.Rae1 Nd2 17.Bxg7 Rhg8 18.Bc3 Nxf1 
19.Kxf1 b4 20.Bb2 Rae8 21.Re3 Ref8 22.Rf3+ Ke8 
23.Rxf8+ Bxf8 24.a3 Bg7 25.Bc1 a5 26.a4 Bc3 27.g4 
Rg6 28.f4 Re6 29.Kg2 Re2+ 30.Kg3 Rxc2 31.Be3 Rb2 
32.Kh4 Rxb3 33.g5 Be1+ 34.Kh5 Rxe3 35.h4 Rh3 
36.Kg4 Rxh4+ 37.Kf5 Kf7 38.g6+ hxg6+ 39.Kg5 Rh5+ 
40.Kg4 b3 41.Kf3 b2 42.Ke2 b1Q {%}  43.Ke3 Rh3+ 
44.Ke2 Qc2+ 45.Kf1 Qf2+ 0-1

[Event "HCL-C147"]
[Site "www.playchess.de"]
[Date "2001.03.26"]
[Round "10"]
[White "arsenic"]
[Black "jpm"]
[WhiteElo "1257"]
[BlackElo "1100"]
[PlyCount "52"]
[Result "0-1"]

1.e4 e6 2.d4 d5 3.Nc3 Nf6 4.Bg5 Be7 5.e5 Nfd7 
6.Bxe7 Qxe7 7.f4 c5 8.Bb5 O-O 9.Qd2 a6 10.Bxd7 
Nxd7 11.dxc5 Qxc5 12.Nf3 f6 13.g3 b5 14.Qd4 Qxd4 
15.Nxd4 fxe5 16.Nxe6 Rf6 17.Nc7 Ra7 18.N7xd5 Re6 
19.O-O e4 20.Rae1 Bb7 21.Re3 Nf6 22.f5 Nxd5 
23.Rxe4 Rxe4 24.Nxe4 Ne3 25.Rf3 Nxc2 26.Rc3 
Bxe4 0-1

[Event "HCL-E016"]
[Site "www.playchess.de"]
[Date "2001.03.26"]
[Round "22"]
[White "DKCozy"]
[Black "Exchange_with_Tempo"]
[WhiteElo "1751"]
[BlackElo "2227"]
[PlyCount "37"]
[Result "1-0"]

1.f4 d5 2.e3 Nf6 3.Nf3 Bf5 4.b3 e6 5.Bb2 Nbd7 6.c4 
dxc4 7.Bxc4 Nb6 8.Be2 a6 9.O-O Nbd5 10.Nc3 Nb4 
11.Rc1 Nd3 12.Bxd3 Bxd3 13.Re1 Nd7 14.Ne2 h6 
15.Rc3 Bg6 16.d3 Bb4 17.e4 Bxc3 18.Bxc3 O-O 
19.Ng3 1-0

[Event "HCL-E018"]
[Site "www.playchess.de"]
[Date "2001.03.26"]
[Round "5"]
[White "Goofy"]
[Black "lubos"]
[WhiteElo "2122"]
[BlackElo "1920"]
[PlyCount "70"]
[Result "1/2-1/2"]

1.d4 d5 2.c4 dxc4 3.e4 Nf6 4.Nc3 Bg4 5.f3 Bh5 
6.Bxc4 e6 7.Bg5 Be7 8.Nge2 c6 9.Qb3 Qb6 10.O-O-O 
Nbd7 11.g4 Bg6 12.Be3 Qxb3 13.Bxb3 O-O 14.h4 h6 
15.Nf4 Nb6 16.Nxg6 fxg6 17.Bxe6+ Kh7 18.g5 Nh5 
19.gxh6 Rxf3 20.Bg5 Bxg5+ 21.hxg5 gxh6 22.Bg4 Rg3 
23.Bxh5 gxh5 24.Rxh5 Rxg5 25.Rxg5 hxg5 26.e5 Kg6 
27.Ne4 Rh8 28.Rf1 Nd5 29.Rg1 Rh5 30.e6 Nf4 
31.Rxg5+ Rxg5 32.Nxg5 Kf6 33.Kd2 b6 34.e7 Kxe7 {We 
can try to play a few moves}  35.Ke3 
Nd5+ 1/2-1/2

[Event "HCL-M008"]
[Site "www.playchess.de"]
[Date "2001.03.26"]
[Round "17"]
[White "susygusy"]
[Black "Sombra"]
[WhiteElo "2200"]
[BlackElo "2200"]
[PlyCount "37"]
[Result "1-0"]

1.e4 e5 2.Nf3 Qf6 3.Nc3 c6 4.d4 Bd6 5.Bg5 Qg6 
6.dxe5 Be7 7.Bxe7 Nxe7 {r u Male or Female?}  
8.Qd6 {Male from Italy}  h6 {That's right, I'm 
Male...}  9.Be2 Qe6 10.Nd4 Qg6 11.O-O b5 12.a4 Ba6 
13.axb5 cxb5 14.Ndxb5 Bxb5 15.Nxb5 Na6 16.Rxa6 
Qxd6 17.exd6 Rb8 18.dxe7 Kxe7 19.Rxa7 1-0

[Event "ACL-A050"]
[Site "www.playchess.de"]
[Date "2001.03.26"]
[Round "9"]
[White "donkey"]
[Black "sazex"]
[WhiteElo "1100"]
[BlackElo "1776"]
[PlyCount "91"]
[Result "1-0"]

1.e4 e5 2.Nf3 Nc6 3.Bb5 a6 4.Bxc6 dxc6 5.O-O f6 
6.Nc3 Bc5 7.d3 Ne7 8.Na4 Ba7 9.Be3 Bxe3 10.fxe3 
Ng6 11.Qd2 O-O 12.Qb4 Qd6 13.Qc3 b6 14.d4 Re8 
15.Qd3 a5 16.Rac1 Ba6 17.Qb3+ Kh8 18.Rfe1 Rad8 
19.c4 Qe6 20.Qc2 Qg4 21.c5 b5 22.Nc3 b4 23.Nb1 
exd4 24.exd4 Nf4 25.Rcd1 Nh3+ 26.Kh1 Rxe4 27.Rxe4 
Qxe4 28.Qxe4 Nf2+ 29.Kg1 Nxe4 30.Re1 Bd3 31.Nbd2 
Nxd2 32.Nxd2 g5 33.Re6 Rxd4 34.Nf3 Re4 35.Rxf6 Re2 
36.Rf8+ Kg7 37.Rc8 Rxb2 38.Rxc7+ Kh6 39.Rxc6+ Bg6 
40.Ne5 Rxa2 41.Nxg6 hxg6 42.Rb6 g4 43.Rb5 Rc2 
44.Kf1 a4 45.Rxb4 a3 46.Rxg4 1-0

[Event "ACL-A065"]
[Site "www.playchess.de"]
[Date "2001.03.26"]
[Round "4"]
[White "Hermi"]
[Black "Dimentiy"]
[WhiteElo "2070"]
[BlackElo "1500"]
[PlyCount "41"]
[Result "1-0"]

1.d4 d5 2.c4 c6 3.Nf3 Nf6 4.Nc3 e6 5.e3 Nbd7 6.Bd3 
Be7 7.O-O O-O 8.Qc2 dxc4 9.Bxc4 c5 10.Rd1 cxd4 
11.Nxd4 a6 12.e4 Re8 13.Nxe6 fxe6 14.e5 Bf8 
15.exf6 Qxf6 16.Ne4 Qg6 17.Bd3 Qh5 18.Ng5 Nf6 
19.Nxh7 Bd6 20.h3 Re7 21.Bg6 1-0

[Event "ACL-A066"]
[Site "www.playchess.de"]
[Date "2001.03.26"]
[Round "4"]
[White "Goofy"]
[Black "tuzlak"]
[WhiteElo "1740"]
[BlackElo "1335"]
[PlyCount "57"]
[Result "1-0"]

1.d4 d5 2.c4 dxc4 3.Nc3 Nf6 4.Nf3 Nc6 5.e4 Bg4 
6.Be3 Bxf3 7.gxf3 e6 8.Bxc4 a6 9.Qd2 Qd7 10.O-O-O 
g6 11.d5 Ne5 12.Be2 Bg7 13.Bd4 Qd6 14.f4 Nxe4 
15.Nxe4 Qxd5 16.Nc3 Nd3+ 17.Qxd3 Qxd4 18.Qxd4 Bxd4 
19.Rxd4 Kf8 20.Rd7 Rc8 21.Bf3 b6 22.Bb7 Rb8 
23.Rxc7 Kg7 24.Rd1 Kf6 25.Rdd7 Rhf8 26.f3 a5 
27.Ne4+ Kg7 28.Ng5 Kf6 29.Rdxf7+ 1-0

[Event "ACL-A070"]
[Site "www.playchess.de"]
[Date "2001.03.26"]
[Round "1"]
[White "aldi"]
[Black "dom"]
[WhiteElo "1500"]
[BlackElo "1500"]
[PlyCount "54"]
[Result "0-1"]

1.d4 d5 2.Nf3 Nc6 3.c4 Bg4 4.cxd5 Qxd5 5.Nc3 Qd7 
6.d5 Bxf3 7.exf3 Nb4 8.a3 Nxd5 9.Qxd5 Qxd5 10.Nxd5 
O-O-O 11.Nc3 e5 12.Bc4 f6 13.Be3 a6 14.O-O Bd6 
15.Rfd1 Ne7 16.Ba7 Nc6 17.Be6+ Rd7 18.Ne4 Nxa7 
19.Nxd6+ cxd6 20.Rxd6 Kb8 21.Rxd7 Nb5 22.Rxg7 Nd4 
23.Bd5 Rd8 24.Rxb7+ Kc8 25.Rc1+ Nc6 26.Bxc6 Rd6 
27.Rxh7 Rd2 0-1

[Event "ACL-A072"]
[Site "www.playchess.de"]
[Date "2001.03.26"]
[Round "20"]
[White "Zsozso"]
[Black "plobi"]
[WhiteElo "1500"]
[BlackElo "1259"]
[PlyCount "109"]
[Result "1-0"]

1.e4 e5 2.Nc3 Nf6 3.f4 exf4 4.d4 Bb4 5.Bd3 d5 
6.exd5 Nxd5 7.Qe2+ Be6 8.Bd2 Qh4+ 9.Qf2 {I think 
black is better.}  Qxf2+ {I think that's right, 
but is just the beginning ...}  10.Kxf2 Nc6 
11.Nxd5 Bxd5 12.c3 Be7 13.Bxf4 O-O-O 14.Nf3 h6 
15.Rhe1 g5 {what about a remis??}  16.Bf5+ {I'd 
like to win this tournament.}  Kb8 {me too ...}  
17.Ne5 Bf6 18.Nxc6+ Bxc6 19.Be5 Bxe5 20.Rxe5 Rhe8 
21.Rae1 Rxe5 22.Rxe5 Rd5 23.Rxd5 Bxd5 24.b3 b5 
25.Kg3 f6 26.Kg4 Bxg2 27.Kh5 c5 28.dxc5 Kc7 29.Kg6 
a5 30.b4 axb4 31.cxb4 Bf3 32.Kxf6 g4 33.Ke5 h5 
34.a3 Kc6 35.Kf4 Bd1 36.Kg3 Kc7 37.Bg6 h4+ 38.Kxh4 
g3 39.Kxg3 Kd8 40.h4 Ke7 41.Bd3 Kd7 42.Bxb5+ Kc7 
43.Be8 Kd8 44.Bg6 Kc7 45.h5 Bxh5 46.Bxh5 Kb8 47.b5 
Ka7 48.b6+ Kb7 49.Bf3+ Kb8 50.c6 Kc8 51.Bg4+ Kb8 
52.c7+ Kb7 53.c8Q+ {%}  Kxb6 {ok, the "luck" was 
on you ... *ggg* good game!!!}  54.Be2 {Thanks.}  
Ka5 55.Qa6+ 1-0

[Event "HCL-B148"]
[Site "www.playchess.de"]
[Date "2001.03.26"]
[Round "25"]
[White "Nils"]
[Black "msmsk"]
[WhiteElo "1707"]
[BlackElo "1566"]
[PlyCount "44"]
[Result "1/2-1/2"]

1.e4 d5 2.exd5 Nf6 3.Bb5+ Bd7 4.Bc4 Bg4 5.f3 Bc8 
6.Nc3 Nbd7 7.d3 Nb6 8.Nge2 Nbxd5 9.O-O e6 10.Qe1 
Bc5+ 11.d4 Bb4 12.Qh4 O-O 13.Ne4 Be7 14.Qg3 Nh5 
15.Qe5 f5 16.Nc5 Rf6 17.Bg5 Bd6 18.Bxf6 Qe8 
19.Bxd5 Bxe5 20.Bxe6+ Bxe6 21.Bxe5 Bc4 22.Rfe1 
b6 1/2-1/2

[Event "HCL-E020"]
[Site "www.playchess.de"]
[Date "2001.03.26"]
[Round "21"]
[White "Toni"]
[Black "tyhee"]
[WhiteElo "2000"]
[BlackElo "2060"]
[PlyCount "33"]
[Result "1/2-1/2"]

1.e4 e5 {hi, good luck}  2.Nf3 {you too}  Nc6 
3.Bb5 a6 4.Bxc6 dxc6 5.d4 exd4 6.Qxd4 Qxd4 7.Nxd4 
Bd7 8.Nc3 O-O-O 9.Bg5 Be7 10.Bxe7 Nxe7 11.O-O-O c5 
12.Nb3 b6 13.Rhe1 Rhe8 14.f4 Ng6 15.g3 f6 16.h4 
Bg4 17.Rxd8+ 1/2-1/2

[Event "ACL-A083"]
[Site "www.playchess.de"]
[Date "2001.03.26"]
[Round "6"]
[White "Brent"]
[Black "guerino"]
[WhiteElo "1500"]
[BlackElo "1500"]
[PlyCount "50"]
[Result "0-1"]

1.e4 {hey gl 2  u}  e6 2.d4 d5 3.exd5 exd5 4.Bd3 
Nc6 5.Nf3 Bd6 6.O-O Bg4 7.c3 Nge7 8.Be3 O-O 9.Nbd2 
a6 10.Qc2 Ng6 11.h3 Bd7 12.Rfe1 Re8 13.Re2 b5 
14.Rae1 Na5 15.Bg5 f6 16.R2xe8+ Bxe8 17.Bh4 c6 
18.Nf1 Bf7 19.Bg3 Qd7 20.Bxd6 Qxd6 21.Ng3 Re8 
22.Rxe8+ Bxe8 23.Nf5 Qe6 24.N5h4 Nxh4 25.Bxh7+ 
Kf7 0-1

[Event "HCL-B153"]
[Site "www.playchess.de"]
[Date "2001.03.26"]
[Round "11"]
[White "Scorpio"]
[Black "Jeff_Foster"]
[WhiteElo "1229"]
[BlackElo "1328"]
[PlyCount "24"]
[Result "0-1"]

1.d4 d5 2.c4 c6 3.Nf3 Nf6 4.cxd5 cxd5 5.Nc3 e6 
6.Bg5 Be7 7.e3 O-O 8.Bd3 Nc6 9.O-O Bd7 10.Bxf6 
Bxf6 11.e4 Nxd4 12.e5 Nxf3+ 0-1

[Event "HCL-B161"]
[Site "www.playchess.de"]
[Date "2001.03.26"]
[Round "2"]
[White "boricua-beefcake"]
[Black "CHARON"]
[WhiteElo "1700"]
[BlackElo "1496"]
[PlyCount "24"]
[Result "0-1"]

1.e4 e5 2.Nf3 {good luck}  Nc6 3.Bc4 Bc5 4.b4 Bxb4 
5.c3 Bc5 6.d4 exd4 7.cxd4 Bb6 8.Nc3 d6 9.O-O Na5 
10.Qe2 Nxc4 11.Qxc4 Bg4 12.Ng5 
Nh6 0-1

[Event "HCL-B162"]
[Site "www.playchess.de"]
[Date "2001.03.26"]
[Round "16"]
[White "Hamburger"]
[Black "orange"]
[WhiteElo "1200"]
[BlackElo "1029"]
[PlyCount "67"]
[Result "1-0"]

1.d4 d5 {hello}  2.c4 e6 3.Nf3 Nf6 4.Bg5 Nbd7 
5.cxd5 exd5 6.e3 Be7 7.Nc3 O-O 8.Bd3 c5 9.dxc5 
Nxc5 10.Bc2 Be6 11.Nd4 a6 12.O-O Qd6 13.Nxe6 fxe6 
14.Re1 Nfe4 15.Nxe4 Nxe4 16.Bxe7 Qxe7 {hello 
haveing a good weekend?}  17.Bxe4 dxe4 18.Qa4 Qf6 
19.Re2 Qf5 20.Rd1 Rac8 21.h3 h5 22.Red2 g5 {it is 
good to be back}  23.Qd7 {I think so too}  Qf7 {do 
you like a draw?}  24.Qd6 g4 {is it a good 
weekend?}  25.hxg4 hxg4 26.Qg3 Qf5 {oh poo. 
(schietzen) made a move in a hurry without 
looking.}  27.Qh4 Rc7 28.R2d8 Rh7 29.Rxf8+ Kxf8 
30.Rd8+ Kg7 31.Rd7+ Kg8 32.Qd8+ Qf8 {it is nearly 
finished. thanks for the game}  33.Qxf8+ Kxf8 
34.Rxh7 1-0

[Event "HCL-C167"]
[Site "www.playchess.de"]
[Date "2001.03.26"]
[Round "20"]
[White "Lubika"]
[Black "lienk"]
[WhiteElo "1000"]
[BlackElo "1138"]
[PlyCount "75"]
[Result "1-0"]

1.e4 e5 2.Nf3 Nc6 3.Bb5 Nf6 4.O-O Bc5 5.Nxe5 Nxe5 
6.d4 Bxd4 7.Qxd4 Qe7 8.Bf4 a6 9.Bxe5 axb5 10.Bxc7 
Ra4 11.Qd3 Rxe4 12.Nd2 Re6 13.Nf3 d6 14.Qxb5+ Bd7 
15.Qxb7 O-O 16.Nd4 Re4 17.c3 Re8 18.b4 Re1 
19.Raxe1 Qxe1 20.Bxd6 Qxc3 21.Bc5 Bc8 22.Qa8 Nd7 
23.Bd6 Qxd4 24.Qc6 Qa7 25.Rc1 h6 26.a4 Qb7 27.Qxb7 
Bxb7 28.b5 Re6 29.Bb4 Re4 30.Rb1 Ne5 31.a5 Nd3 
32.a6 Bd5 33.Bc3 Re2 34.Rd1 Bc4 35.a7 Ra2 36.b6 
Nxf2 37.Rd8+ Kh7 38.a8Q {%}  1-0

[Event "HCL-A072"]
[Site "www.playchess.de"]
[Date "2001.03.26"]
[Round "18"]
[White "Fuky"]
[Black "satura"]
[WhiteElo "1700"]
[BlackElo "1838"]
[PlyCount "22"]
[Result "0-1"]

1.e4 {hello I am Jan Farek}  e6 {Hi, I'm Sven 
Schindler and I wish you a nice game.}  2.f4 d5 
3.exd5 exd5 4.d4 Bd6 5.Nf3 Nf6 6.Bd3 O-O 7.O-O 
{wie gehts?}  Re8 8.Re1 Bg4 9.Nc3 c6 10.Bd2 Nbd7 
11.b3 Qc7 0-1

[Event "HCL-A072"]
[Site "www.playchess.de"]
[Date "2001.03.26"]
[Round "19"]
[White "JOPE"]
[Black "Fuky"]
[WhiteElo "1377"]
[BlackElo "1700"]
[PlyCount "23"]
[Result "1-0"]

1.e4 {Greetings from Stockholm, Sweden!}  e5 2.Nf3 
Nc6 {hello I am from Czech rep. good luck.We are 
champions in the ice hockey and chess o)}  3.Bb5 
Nf6 4.O-O a6 5.Ba4 b5 6.Bb3 Na5 7.Nc3 Nxb3 {I like 
world car relly and you?Iam Jan Farek from Czech 
rep.}  8.axb3 d5 9.Nxe5 Bc5 10.d4 Bb6 11.Bg5 O-O 
12.Nxd5 1-0

[Event "HCL-A073"]
[Site "www.playchess.de"]
[Date "2001.03.26"]
[Round "32"]
[White "hominoid"]
[Black "Roussos"]
[WhiteElo "1426"]
[BlackElo "1700"]
[PlyCount "52"]
[Result "0-1"]

1.c4 e5 2.Nc3 Nf6 3.g3 d6 4.Bg2 c6 5.d3 Nbd7 6.Nf3 
Be7 7.O-O O-O 8.b3 Re8 9.Bb2 Bf8 10.Qc2 a6 11.d4 
g6 12.dxe5 Nxe5 13.Nxe5 dxe5 14.Rad1 Qc7 15.Rd2 
Be6 16.Ne4 Bg7 17.Nd6 Red8 18.Bxe5 Qe7 19.Rfd1 Ng4 
20.Bxg7 Kxg7 21.Qc3+ Nf6 22.Ne4 Rxd2 23.Rxd2 Bf5 
24.Nd6 Rb8 25.e4 Be6 26.e5 Nd7 0-1

[Event "HCL-C175"]
[Site "www.playchess.de"]
[Date "2001.03.26"]
[Round "2"]
[White "Laurian"]
[Black "ictus"]
[WhiteElo "1000"]
[BlackElo "1276"]
[PlyCount "24"]
[Result "0-1"]

1.e4 {Hello.What region are you from?}  e6 {I am 
from the Philippines. It is in the asian 
continent.}  2.d4 {Hello.What region are you 
from?}  d5 3.Nc3 dxe4 4.Nxe4 Qd5 {I am from the 
Philippines.}  5.Qd3 Nd7 6.Nf3 Ngf6 7.Ng3 Bd6 
8.Be2 Bxg3 9.fxg3 Ne4 10.O-O Ndf6 11.c4 Qc6 12.Ne5 
Qd6 0-1

[Event "HCL-B171"]
[Site "www.playchess.de"]
[Date "2001.03.26"]
[Round "6"]
[White "Blitzmich"]
[Black "Alone"]
[WhiteElo "1902"]
[BlackElo "1475"]
[PlyCount "59"]
[Result "1-0"]

1.d4 Nf6 2.c4 e6 3.Nc3 d5 4.Bg5 Be7 5.e3 O-O 6.Bd3 
h6 7.Bxf6 Bxf6 8.Qh5 c6 9.Nge2 Nd7 10.O-O dxc4 
11.Bxc4 e5 12.Rfd1 exd4 13.Nxd4 Qb6 14.Ne4 Bxd4 
15.exd4 Qb4 16.b3 b5 17.a3 Qe7 18.Bd3 Nf6 19.Qc5 
Qxc5 20.Nxf6+ gxf6 21.dxc5 Re8 22.Bf1 Re5 23.Rd8+ 
Kg7 24.b4 a5 25.f4 Re7 26.bxa5 Rc7 27.Re1 Rxa5 
28.Ree8 Be6 29.Reg8+ Kh7 30.f5 1-0

[Event "HCL-A074"]
[Site "www.playchess.de"]
[Date "2001.03.26"]
[Round "32"]
[White "daphatmon"]
[Black "Eaglewingz"]
[WhiteElo "1615"]
[BlackElo "1383"]
[PlyCount "26"]
[Result "0-1"]

1.e4 e5 2.Nf3 Nf6 3.Nc3 Bb4 4.Bd3 d6 5.a3 Bxc3 
6.dxc3 Be6 7.h3 h6 8.O-O O-O 9.Re1 c5 10.Be3 c4 
11.Bf1 Nxe4 12.Nd2 Nxd2 13.Qxd2 
Qe7 0-1

[Event "HCL-B175"]
[Site "www.playchess.de"]
[Date "2001.03.26"]
[Round "1"]
[White "Dereck"]
[Black "Gruhni"]
[WhiteElo "1200"]
[BlackElo "1364"]
[PlyCount "55"]
[Result "1-0"]

1.d4 {Hello!}  e6 {Hello from Frankfurt in 
Germany!}  2.c4 c6 3.Nf3 d5 4.e3 Bb4+ 5.Nc3 Bxc3+ 
6.bxc3 Nf6 7.Ba3 Ne4 8.Qc2 Nd6 9.Bd3 g6 10.Ne5 O-O 
11.cxd5 cxd5 12.c4 Re8 13.O-O Nc6 14.c5 Nf5 
15.Nxc6 bxc6 16.Bb2 Bd7 17.e4 dxe4 18.Bxe4 Rb8 
19.Rfe1 Rb4 20.Bxf5 exf5 21.Qc3 Qb8 22.Rxe8+ Bxe8 
23.Rb1 Rb7 24.d5 Rxb2 25.Rxb2 Qd8 26.d6 Qg5 27.Rb8 
Kf8 28.Qh8+ {Thank you for the game} 
 1-0

[Event "HCL-B176"]
[Site "www.playchess.de"]
[Date "2001.03.26"]
[Round "10"]
[White "deephuman"]
[Black "daniela"]
[WhiteElo "1500"]
[BlackElo "1500"]
[PlyCount "47"]
[Result "1-0"]

1.e4 {hi}  e6 {hello, I hope we will have 
interesting games. Daniela}  2.d4 {sure}  d5 {Are 
you at home or at work? I'm at home till nearly 3 
o'clock. Daniela}  3.e5 {I am going to work. Back 
to game at nigth. Bye.}  c5 {What does it mean 6d 
13:23?}  4.c3 Nc6 {Good evening!}  5.Nf3 Qb6 
{Where do you live exactly? (Can I say so?)}  
6.Be2 Nge7 {You don't like any chat? o.k.}  7.Na3 
Bd7 8.dxc5 {NP to chat with you of course, sorry 
if I take the game too much serious...}  Qxc5 {I 
think c8-d7 was not really good. Now you got the 
activity. Can I say so? My English is not so good} 
 9.Be3 {Your 7th move deviate from theory. It says 
that is necessary to play 7....c5xd4. Never forget 
!!}  Qa5 {Do you play for a club?}  10.Nb5 {No. 
Actually chess is a hobby to me.}  Nf5 {Do you 
have not enough time for playing in a club?}  
11.b4 {No. Nowadays to play at home (Web) is the 
simplest way.}  Qd8 {I think so like you, but 
playing with other people in reality its also 
funny. I like it. Daniela}  12.O-O {Yes, Nothing 
can replace direct contact}  Nxe3 {good night!}  
13.fxe3 {good dreams}  Qb6 {I was too tired for 
dreams!?}  14.Qd3 {Ok. You just disconnected.But 
the Queen is back now !}  Rc8 {Why ist the Queen 
back now? I can't understand your words!?}  15.a4 
{Just a joke. Never mind. Pls.Concentrate in the 
game. It is complicated for both sides...}  a5 
{it's only a game for me, don't take it too 
serios! But it's interesting!}  16.bxa5 {Probably 
what is interesting is also a little 
serious...It's the figth of pawns against 
mobility...}  Nxa5 {Maybe, but I think, that the 
pawns of you are not so good in the moment!}  
17.Ng5 {Yes, if I depend on my pawns, I am in 
trouble. So,I am forced to explore some lack of 
development...}  Bc5 {I can't understood your last 
sentence. I'm sorry ...}  18.Rab1 {To try to 
explore black delay in development is the only 
possible compensation here for white}  Bxb5 {Well, 
and I choose now an interesting combination!}  
19.Rxb5 {Yes! That´s a real Chess Battle !}  Qa7 
20.Kh1 {Again, to explore black delay in 
development is the only possible compensation here 
for white}  Rc7 21.Rxa5 {ok}  Qxa5 {Its very 
interesting.}  22.Qb5+ Qxb5 {I think, your 
position is now a little bit better. Isn't it?}  
23.Bxb5+ {Yes, maintaining some winning chances, 
but safely, I think. But who knows the truth ?}  
Kf8 {I not, but I hope of your pawns.}  24.Nxe6+ 
{Sorry. Are you playing speed chess ? Is this a 
misteriuous combination ? Is this a gift for me ?} 
 1-0

[Event "ACL-M001"]
[Site "www.playchess.de"]
[Date "2001.03.26"]
[Round "2"]
[White "Utesch"]
[Black "Nils"]
[WhiteElo "1855"]
[BlackElo "1858"]
[PlyCount "119"]
[Result "1-0"]

1.d4 Nf6 2.c4 {Hallo, ich wünsche uns eine 
spannende Partie! Gruß Wolfgang}  e6 {Wünsche ich 
uns auch! Bis Du heute aufgestiegen? Gruß Nils}  
3.Nf3 {Ja! Spielt 'mhansen' eigentlich noch?}  d5 
{Keine Ahnung, meine Partien gegen ihn waren schon 
2000 beendet!}  4.Nc3 Nbd7 5.Qc2 {.}  Bb4 6.a3 Be7 
7.Bg5 h6 8.Bxf6 Nxf6 9.e3 O-O 10.c5 Ng4 11.h3 Nf6 
12.Bd3 c6 13.O-O Qc7 14.b4 Nd7 15.Ne2 e5 16.e4 
dxe4 17.Bxe4 Re8 18.d5 cxd5 19.Bxd5 {Ich meine, 
für ein remis ist es noch viel zu früh! Gruß 
Wolfgang}  Nf6 20.Nc3 Bd8 21.Nb5 Qd7 22.Bc4 Bc7 
23.Rad1 Qe7 24.Nh4 Kh8 25.Nd6 Bxd6 26.cxd6 Qd7 
27.a4 a6 28.a5 Qc6 29.Qb3 Be6 30.Ng6+ fxg6 31.Bxe6 
Rad8 32.Bd5 Nxd5 33.Qxd5 Qxd5 34.Rxd5 Rd7 35.Rc1 
Rf8 36.Kf1 Kg8 37.b5 axb5 38.Rxb5 Rxd6 39.Rxb7 
Rdf6 40.Rcc7 R6xf2+ 41.Ke1 {Freue mich, daß Du 
Deine technischen Probleme in den Griff bekommen 
hast!}  R2f1+ 42.Ke2 R8f2+ 43.Ke3 Ra2 44.Rcxg7+ 
Kf8 45.Rgh7 Kg8 46.Rbg7+ Kf8 47.Rga7 Kg8 48.Rhg7+ 
Kf8 49.Rgb7 Kg8 50.a6 Re1+ 51.Kf3 Rf1+ 52.Kg3 Ra3+ 
53.Kh2 e4 54.Ra8+ Rf8 55.Rxf8+ Kxf8 56.a7 g5 
57.Rb8+ Kf7 58.a8Q {%}  Rxa8 59.Rxa8 Kg7 
60.Kg3 1-0